000
00287nam a22001217a 4500
999
_c
12780
_d
12780
020
_a
9789382127956
082
_a
574.192
100
_a
Dr.Chawla Rajinder & Dr.chawla Neena
245
_a
Objective Biochemistry
260
_a
India
_b
Ane Books
_c
2014
300
_a
438 pages
942
_c
BK